000 00485nam a2200193Ia 4500
005 20250508161104.0
008 008 250505s9999 xx 000 0 hin d
037 _aTextBook
040 _aFEDL
_beng
_cFEDL
041 _ahin
_2eng
084 _a370.1, DEW
_qFEDL
100 _aDewey John
245 0 _aSiksha dershan ke bhumika
300 _a520p
365 _aINR
_b10
650 _aEducational Philosophy
942 _cTB
_h370.1, DEW
999 _c1368371
_d1368371